PASTEL, METHODS AND TECHNIQUE (Record no. 920139)

MARC details
000 -LEADER
fixed length control field 00283nam a2200121Ia 4500
008 - FIXED-LENGTH DATA ELEMENTS--GENERAL INFORMATION
fixed length control field 231106s2019 xx 000 0 und d
041 ## - LANGUAGE CODE
Language code of text/sound track or separate title eng
082 ## - DEWEY DECIMAL CLASSIFICATION NUMBER
Classification number 741.23
100 ## - MAIN ENTRY--PERSONAL NAME
Personal name JENNY KEAL
245 ## - TITLE STATEMENT
Title PASTEL, METHODS AND TECHNIQUE
260 ## - PUBLICATION, DISTRIBUTION, ETC.
Name of publisher, distributor, etc. SEARCH PRESS
Date of publication, distribution, etc. 2019
300 ## - PHYSICAL DESCRIPTION
Extent P-122

No items available.